Ek sapera ek lutera : (Record no. 44729)

MARC details
000 -LEADER
fixed length control field 01253njm a22002657a 4500
005 - DATE AND TIME OF LATEST TRANSACTION
control field 20100909101331.0
007 - PHYSICAL DESCRIPTION FIXED FIELD--GENERAL INFORMATION
fixed length control field sd ammalaaahaa
008 - FIXED-LENGTH DATA ELEMENTS--GENERAL INFORMATION
fixed length control field 100909t xxu||||| |||| 00| 0 hin d
028 ## - PUBLISHER NUMBER
Publisher number N. 54802
Source His Master's Voice
035 ## - SYSTEM CONTROL NUMBER
System control number GR-01441
040 ## - CATALOGING SOURCE
Original cataloging agency SED/VEN
100 ## - MAIN ENTRY--PERSONAL NAME
Personal name Mangeshkar, Lata
9 (RLIN) 19035
245 ## - TITLE STATEMENT
Title Ek sapera ek lutera :
Remainder of title hindustani /
Statement of responsibility, etc by Lata Mangeshkar [and] Mohd. Rafi ; music by Usha Khanna ; lyric by Asad Bhopali
Medium [sound recording] :
246 ## - VARYING FORM OF TITLE
Title proper/short title एक सपेरा एक लुटेरा (लता मंगेशकर और मोहमद . रफ़ी)
260 ## - PUBLICATION, DISTRIBUTION, ETC. (IMPRINT)
Place of publication, distribution, etc Dum Dum, India
Name of publisher, distributor, etc His Master's Voice
Date of publication, distribution, etc 1965
300 ## - PHYSICAL DESCRIPTION
Extent 1 sound record [Gramohpone record] :
Other physical details analog, 33. 1/3 rpm
Dimensions 10 in.
Type of unit Gramohpone record
500 ## - GENERAL NOTE
General note Brief record.
505 ## - FORMATTED CONTENTS NOTE
Formatted contents note Mere Sanam (Lata Mangeshkar) मेरे सनम भाग १, Hum tumse se juda ho के (Mohd. Rafi) हम तुमसे से जुदा हो के भाग २
Miscellaneous information
650 ## - SUBJECT ADDED ENTRY--TOPICAL TERM
Topical term or geographic name as entry element Classical Music
General subdivision Excerpts
Geographic subdivision India
9 (RLIN) 19036
700 ## - ADDED ENTRY--PERSONAL NAME
Personal name Mohd. Rafi
9 (RLIN) 19051
700 ## - ADDED ENTRY--PERSONAL NAME
Personal name Khanna, Usha
9 (RLIN) 19096
700 ## - ADDED ENTRY--PERSONAL NAME
Personal name Bhopali, Asad
9 (RLIN) 19097
942 ## - ADDED ENTRY ELEMENTS (KOHA)
Source of classification or shelving scheme Dewey Decimal Classification
Item type Gramaphone Records
Holdings
Withdrawn status Lost status Source of classification or shelving scheme Damaged status Not for loan Home library Current library Date acquired Source of acquisition Total Checkouts Barcode Date last seen Copy number Price effective from Koha item type
    Dewey Decimal Classification   Not For Loan Central Library Central Library 09/09/2010 SED/VEN   GR-01441 09/09/2010 1 09/09/2010 Gramaphone Records

© Delhi Public Library
Hit Counter
free hit counter